Raíz de la memoria : (Record no. 183219)

MARC details
000 -CABECERA
campo de control de longitud fija 00708nam a2200229 a 4500
005 - FECHA Y HORA DE LA ÚLTIMA TRANSACCIÓN
campo de control 20230310063528.0
008 - ELEMENTOS DE LONGITUD FIJA--INFORMACIÓN GENERAL
campo de control de longitud fija 160603s2013 mx r 000 0 spa d
020 ## - NÚMERO INTERNACIONAL NORMALIZADO PARA LIBROS
Número Internacional Estándar del Libro 9786074952766
035 ## - NÚMERO DE CONTROL DEL SISTEMA
Número de control de sistema UPN01000211118
049 ## - COLECCIÓN
Colección CG
050 #4 - SIGNATURA TOPOGRÁFICA DE LA BIBLIOTECA DEL CONGRESO
Número de clasificación PQ7298.26 R3.7
Número de documento/Ítem R3.5
100 1# - ASIENTO PRINCIPAL--NOMBRE PERSONAL
Nombre de persona Pratt, Silvia,
Fechas asociadas al nombre 1949-
9 (RLIN) 39812
245 10 - MENCIÓN DE TÍTULO
Título Raíz de la memoria :
Resto del título antología personal : 2000-2004 /
Mención de responsabilidad, etc. Silvia Pratt.
260 ## - PUBLICACIÓN, DISTRIBUCIÓN, ETC.
Lugar de publicación, distribución, etc. México :
Nombre del editor, distribuidor, etc. FOEM,
Fecha de publicación, distribución, etc. 2013.
300 ## - DESCRIPCIÓN FÍSICA
Extensión 244 p. +
Material acompañante/anejo 1 CD- ROM ; 4 3/4 plg.
440 #0 - MENCIÓN DE SERIE/ASIENTO SECUNDARIO--TÍTULO
Título Letras.
Nombre de parte o sección de la obra Summa de días
500 ## - NOTA GENERAL
Nota general El CD-ROM solicítalo en el mostrador de préstamo
650 #4 - ASIENTO SECUNDARIO DE MATERIA - TERMINO TEMATICO
Término de materia o nombre geográfico como elemento de entrada Poesía mexicana
Subdivisión cronológica Siglo XX
9 (RLIN) 1285
905 ## - TIPO DE MATERIAL
Tipo de material Libro
Holdings
Estado de retiro Estado de pérdida Fuente del sistema de clasificación o colocación Estado dañado No para préstamo Código de colección Localización permanente Ubicación/localización actual Ubicación en estantería Total de préstamos Clasificación Código de barras Fecha visto por última vez Número de copia Tipo de ítem Koha Fecha de adquisición Precio válido a partir de Nota pública
    Library of Congress Classification     Colección General Bib. Gregorio Torres Quintero Bib. Gregorio Torres Quintero Planta baja   PQ7298.26 R3.7 R3.5 311459 31/12/2020 1 Libro      
    Library of Congress Classification     Materiales complementarios y otros recursos electrónicos  Bib. Gregorio Torres Quintero Bib. Gregorio Torres Quintero Mostrador de préstamo Planta baja   PQ7298.26 R3.7 R3.5 339979 23/09/2024   Disco Compacto 23/09/2024 23/09/2024 Solicítalo en el mostrador de préstamo